|
|
|
|
| LEADER |
01782nam a2200457 a 4500 |
| 001 |
EBC477127 |
| 003 |
MiAaPQ |
| 005 |
20200520144314.0 |
| 006 |
m o d | |
| 007 |
cr cn||||||||| |
| 008 |
090302s2009 si a sb 001 0 eng |
| 010 |
|
|
|z 2009007819
|
| 020 |
|
|
|z 9789814271530
|
| 020 |
|
|
|z 9814271535
|
| 020 |
|
|
|z 9789814271547
|
| 020 |
|
|
|z 9814271543
|
| 035 |
|
|
|a (MiAaPQ)EBC477127
|
| 035 |
|
|
|a (Au-PeEL)EBL477127
|
| 035 |
|
|
|a (CaPaEBR)ebr10361853
|
| 035 |
|
|
|a (CaONFJC)MIL244283
|
| 035 |
|
|
|a (OCoLC)592756264
|
| 040 |
|
|
|a MiAaPQ
|c MiAaPQ
|d MiAaPQ
|
| 043 |
|
|
|a ae-----
|
| 050 |
|
4 |
|a HC460.5
|b .F67 2009
|
| 082 |
0 |
4 |
|a 332/.042095
|2 22
|
| 245 |
0 |
0 |
|a Fostering monetary & financial cooperation in East Asia
|h [electronic resource] /
|c editors, Duck-Koo Chung, Barry Eichengreen.
|
| 246 |
3 |
|
|a Fostering monetary and financial cooperation in East Asia
|
| 260 |
|
|
|a Singapore ;
|a Hackensack, NJ :
|b World Scientific Pub.,
|c c2009.
|
| 300 |
|
|
|a xiv, 175 p. :
|b ill.
|
| 490 |
1 |
|
|a World Scientific studies in international economics,
|x 1793-3641 ;
|v v. 7
|
| 504 |
|
|
|a Includes bibliographical references (p. 163-170) and index.
|
| 533 |
|
|
|a Electronic reproduction. Ann Arbor, MI : ProQuest, 2015. Available via World Wide Web. Access may be limited to ProQuest affiliated libraries.
|
| 651 |
|
0 |
|a East Asia
|x Economic integration.
|
| 651 |
|
0 |
|a East Asia
|x Economic policy.
|
| 651 |
|
0 |
|a East Asia
|x Foreign economic relations.
|
| 655 |
|
4 |
|a Electronic books.
|
| 700 |
1 |
|
|a Chung, Duck-Koo,
|d 1948-
|
| 700 |
1 |
|
|a Eichengreen, Barry J.
|
| 710 |
2 |
|
|a ProQuest (Firm)
|
| 830 |
|
0 |
|a World Scientific studies in international economics ;
|v v. 7.
|
| 856 |
4 |
0 |
|u https://ebookcentral.proquest.com/lib/matrademy/detail.action?docID=477127
|z Click to View
|